[Event "Saarland-ch MB 89th"]
[Site "Stennweiler"]
[Date "2014.04.14"]
[Round "4"]
[White "Thiel, Jean Claude"]
[Black "Fiedler, Robert"]
[Result "1/2-1/2"]
[WhiteElo "1923"]
[BlackElo "1805"]
[PlyCount "91"]
[EventDate "2014.04.11"]
[EventType "swiss"]
[EventRounds "9"]
[EventCountry "GER"]
[SourceTitle "EXT 2016"]
[Source "ChessBase"]
[SourceDate "2015.10.08"]
[SourceVersion "1"]
[SourceVersionDate "2015.10.08"]
[SourceQuality "1"]

1. f4 e6 2. d4 d5 3. Nf3 Nf6 4. e3 c5 5. c3 Nc6 6. Bd3 Bd7 7. 0-0 Qc7 8. Bd2 Bd6 9. Ne5 cxd4 10. exd4 Qb6 11. Qb3 Bc7 12. Be1 Nxe5 13. fxe5 Ng4 14. Qxb6 Bxb6 15. Bg3 Ne3 16. Re1 Nf5 17. Nd2 Nxg3 18. hxg3 Rc8 19. Nf3 f6 20. Kf2 Ke7 21. Ke2 Be8 22. Rh1 Bg6 23. Rh2 Bxd3+ 24. Kxd3 Bc7 25. Rah1 fxe5 26. dxe5 h6 27. Rh5 Rhf8 28. g4 Rf4 29. g5 hxg5 30. Rxg5 Rg8 31. b4 a6 32. Rh7 Kf7 33. a3 Bd8 34. Rg3 Rf5 35. Rg4 b5 36. Kd4 Bb6+ 37. Kd3 Bd8 38. Kd4 Be7 39. Ke3 Kf8 40. Rh3 Bd8 41. Rhg3 g5 42. Kd3 Kf7 43. Kd4 Bb6+ 44. Kd3 Bd8 45. Kd4 Be7 46. Kd3 1/2-1/2

[Event "Saarland-ch A 87th"]
[Site "Voelklingen"]
[Date "2012.03.31"]
[Round "2"]
[White "Bellmann, Horst"]
[Black "Fiedler, Robert"]
[Result "1/2-1/2"]
[WhiteElo "1696"]
[BlackElo "1786"]
[PlyCount "54"]
[EventDate "2012.03.30"]
[EventType "swiss"]
[EventRounds "6"]
[EventCountry "GER"]
[SourceTitle "EXT 2013"]
[Source "ChessBase"]
[SourceDate "2012.11.22"]
[SourceVersion "1"]
[SourceVersionDate "2012.11.22"]
[SourceQuality "1"]

1. e4 e6 2. d4 d5 3. exd5 exd5 4. Nf3 Nf6 5. Bd3 Bd6 6. 0-0 0-0 7. Bg5 h6 8. Bh4 c6 9. Nbd2 Re8 10. Re1 Nbd7 11. c4 Rxe1+ 12. Qxe1 g5 13. Bg3 Bxg3 14. hxg3 Nf8 15. c5 b6 16. b4 bxc5 17. bxc5 Rb8 18. Rb1 Rxb1 19. Qxb1 Qc7 20. Bf5 Bxf5 21. Qxf5 Kg7 22. Ne5 Ne6 23. Ndf3 Ne4 24. Ng4 Qb7 25. Qe5+ Kh7 26. Qf5+ Kg7 27. Qe5+ Kh7 1/2-1/2

[Event "Saarland-ch A 85th"]
[Site "Homburg"]
[Date "2010.03.31"]
[Round "6"]
[White "Spindler, Jean Luc"]
[Black "Fiedler, Robert"]
[Result "1/2-1/2"]
[WhiteElo "1586"]
[BlackElo "1783"]
[PlyCount "75"]
[EventDate "2010.03.28"]
[EventType "swiss"]
[EventRounds "9"]
[EventCountry "GER"]
[SourceTitle "EXT 2011"]
[Source "ChessBase"]
[SourceDate "2010.11.26"]
[SourceVersion "1"]
[SourceVersionDate "2010.11.26"]
[SourceQuality "1"]

1. e4 e6 2. d4 d5 3. exd5 exd5 4. Nf3 Nf6 5. Bd3 Bd6 6. 0-0 0-0 7. Bg5 h6 8. Bh4 Nbd7 9. Bf5 Re8 10. Nc3 c6 11. Qd3 Nf8 12. Rae1 Bxf5 13. Qxf5 Qd7 14. Qxd7 N6xd7 15. Bg3 Bxg3 16. hxg3 Ng6 17. Rxe8+ Rxe8 18. Re1 Rxe1+ 19. Nxe1 f6 20. Nd3 Kf7 21. f3 b6 22. Kf2 Ne7 23. Ne2 g5 24. c3 h5 25. Nec1 Ke6 26. Nb3 Kd6 27. Nd2 c5 28. dxc5+ bxc5 29. c4 Ne5 30. Nxe5 Kxe5 31. cxd5 Nxd5 32. Ke2 f5 33. Nc4+ Ke6 34. a3 Nb6 35. Kd3 Kd5 36. Ne3+ Ke5 37. Nc4+ Kd5 38. Ne3+ 1/2-1/2

[Event "Saarland-ch A 85th"]
[Site "Homburg"]
[Date "2010.03.29"]
[Round "4"]
[White "Schreck, Alexander"]
[Black "Fiedler, Robert"]
[Result "1-0"]
[WhiteElo "1840"]
[BlackElo "1783"]
[PlyCount "55"]
[EventDate "2010.03.28"]
[EventType "swiss"]
[EventRounds "9"]
[EventCountry "GER"]
[SourceTitle "EXT 2011"]
[Source "ChessBase"]
[SourceDate "2010.11.26"]
[SourceVersion "1"]
[SourceVersionDate "2010.11.26"]
[SourceQuality "1"]

1. d4 e6 2. c4 d5 3. Nc3 Nf6 4. cxd5 exd5 5. Bg5 c6 6. Qc2 Be7 7. e3 0-0 8. Bd3 h6 9. Bh4 Re8 10. Nge2 Nbd7 11. 0-0 Nf8 12. f3 Nh5 13. Bxe7 Qxe7 14. e4 dxe4 15. fxe4 Bg4 16. Rf2 Ne6 17. Raf1 Rf8 18. Qd2 g5 19. e5 Nhf4 20. Nxf4 Nxf4 21. Ne4 f5 22. exf6 Qc7 23. Bc4+ Be6 24. Bxe6+ Nxe6 25. f7+ Kg7 26. Qc3 Qb6 27. d5+ Nd4 28. Nc5 1-0

[Event "Saarland-ch A 85th"]
[Site "Homburg"]
[Date "2010.03.28"]
[Round "1"]
[White "Fiedler, Robert"]
[Black "Koch, Arno"]
[Result "1-0"]
[WhiteElo "1783"]
[BlackElo "1634"]
[PlyCount "99"]
[EventDate "2010.03.28"]
[EventType "swiss"]
[EventRounds "9"]
[EventCountry "GER"]
[SourceTitle "EXT 2011"]
[Source "ChessBase"]
[SourceDate "2010.11.26"]
[SourceVersion "1"]
[SourceVersionDate "2010.11.26"]
[SourceQuality "1"]

1. d4 f5 2. c4 g6 3. Nc3 Nf6 4. Nf3 Bg7 5. Bf4 d6 6. e3 c6 7. Bd3 Na6 8. a3 Bd7 9. 0-0 0-0 10. Qe2 Nc7 11. Rac1 Qe8 12. c5 Ne6 13. cxd6 Nxf4 14. exf4 exd6 15. Rfe1 Qxe2 16. Rxe2 Rae8 17. Rce1 Rxe2 18. Rxe2 Re8 19. Rxe8+ Bxe8 20. g3 Bf7 21. Ng5 Bb3 22. Nf3 Nd7 23. Nd2 Bf7 24. Ne2 b5 25. b3 Nb6 26. Kf1 a5 27. Ke1 Nd5 28. Kd1 Nc7 29. Kc2 Bd5 30. a4 bxa4 31. bxa4 c5 32. dxc5 dxc5 33. Bc4 Kf7 34. Bxd5+ Nxd5 35. Nb3 Nb6 36. Nxc5 Bf8 37. Nb3 Nxa4 38. Nxa5 Nb6 39. Kd3 Nd7 40. f3 Bg7 41. Nc6 Bf6 42. Kc4 Bg7 43. Kd5 Nb6+ 44. Kc5 Nc8 45. Ne5+ Ke8 46. Nd4 Bf8+ 47. Kc6 Ba3 48. Nc4 Ne7+ 49. Kb5 Bc1 50. Ne2 1-0

[Event "Saarland-ch B"]
[Site "Saarlouis Steinrausch"]
[Date "2005.03.24"]
[Round "7"]
[White "Fiedler, Robert"]
[Black "Diwo, Michael"]
[Result "1-0"]
[WhiteElo "1619"]
[BlackElo "1588"]
[PlyCount "109"]
[EventDate "2005.03.18"]
[EventType "swiss"]
[EventRounds "9"]
[EventCountry "GER"]
[SourceTitle "EXT 2012"]
[Source "ChessBase"]
[SourceDate "2011.11.24"]
[SourceVersion "1"]
[SourceVersionDate "2011.11.24"]
[SourceQuality "1"]

1. d4 Nf6 2. c4 e6 3. a3 b6 4. Nc3 Bb7 5. Bg5 Be7 6. e3 0-0 7. Nf3 d5 8. cxd5 Nxd5 9. Bxe7 Qxe7 10. Bd3 Nd7 11. e4 Nf4 12. 0-0 Nxd3 13. Qxd3 Rfd8 14. Qe3 c5 15. Rfd1 cxd4 16. Rxd4 Nf6 17. Rad1 Rxd4 18. Qxd4 Rc8 19. Ne5 h6 20. f3 g6 21. Qd6 Qxd6 22. Rxd6 Rc7 23. Kf2 Kf8 24. Ke3 Ke7 25. Rd3 Ba6 26. Rd2 Nd7 27. Nxd7 Rxd7 28. Rxd7+ Kxd7 29. Kd4 Bf1 30. g3 Bg2 31. f4 Bf1 32. b4 Kd6 33. e5+ Kd7 34. Ne4 a5 35. Nd6 axb4 36. axb4 f6 37. Nf7 Ke7 38. Nxh6 f5 39. Ng8+ Kf7 40. Nf6 Bb5 41. h4 Ke7 42. h5 gxh5 43. Nxh5 Kf7 44. Nf6 Kg6 45. Ke3 Bc6 46. g4 fxg4 47. Nxg4 Kf5 48. Nf2 Bg2 49. Nd3 Be4 50. Nb2 Bc2 51. Nc4 Ba4 52. Nxb6 Bb5 53. Nc8 Bf1 54. Nd6+ Kg6 55. b5 1-0